| 000 | 00499cam a22001457a 4500 | ||
|---|---|---|---|
| 008 | 180718b1993 xxu||||| |||| 00| 0 eng d | ||
| 082 | _aT29 D493 | ||
| 100 | _aAhluwalia, Montek S. | ||
| 245 | _aIncome inequality: some dimensions of the problem | ||
| 260 |
_aBoulder _bRienner _c1993 |
||
| 300 | _ap.31-42 | ||
| 500 | _a[In] Development underdevelopment: the political economy ofinequality, edited by Mitchell A. Seligson & John T. Passe-Smith | ||
| 650 | _aIncome Distribution | ||
| 650 | _aIncome | ||
| 999 |
_c359880 _d359880 |
||